| 000 | 00421nam a2200145Ia 4500 | ||
|---|---|---|---|
| 008 | 230411s9999 xx 000 0 und d | ||
| 020 | _a978-93-87963-72-7 | ||
| 041 | _aeng | ||
| 082 | _aMS/610.7361/SHA/B09094 | ||
| 100 | _aSharma Suresh & Madhavi S | ||
| 245 | _aBrunner and Suddarhs Textbook of Medical Surgical Nursing | ||
| 260 |
_bWolters Kluwer _aHaryana _c2018 |
||
| 300 | _a2186p | ||
| 999 |
_c158424 _d158424 |
||